MARC

LEADER 00000nam0a2200000 4500
001 371374
005 20231102012355.0
035 |a (RuTPU)RU\TPU\retro\28784 
090 |a 371374 
100 |a 20221014d1978 km y0rusy50 ca 
101 0 |a rus 
102 |a RU 
105 |a a z 001zy 
200 1 |a Устойчивость оболочек  |f Э. И. Григолюк, В. В. Кабанов 
210 |a Москва  |c Наука  |d 1978 
215 |a 360 с.  |c ил. 
320 |a Библиогр.: с. 333-355 
320 |a Именной указатель: с. 356-359 
606 1 |a Оболочки, теория  |2 stltpush  |3 (RuTPU)RU\TPU\subj\46540  |9 65666 
610 1 |a тонкие упругие оболочки 
610 1 |a круговые цилиндрические оболочки 
610 1 |a нецилиндрические оболочки 
610 1 |a устойчивость 
675 |a 539.3  |v 4 
700 1 |a Григолюк  |b Э. И.  |g Эдуард Иванович 
701 1 |a Кабанов  |b В. В.  |g Виктор Васильевич 
801 1 |a RU  |b 63413507  |c 20221014 
942 |c BK